| 000 | 00530nam a2200205 a 4500 | ||
|---|---|---|---|
| 001 | 50413 | ||
| 003 | AR-BaAGN | ||
| 007 | ta | ||
| 008 | s1946 ag |||||r|||| ||| ||spa d | ||
| 040 |
_aAR-BaAGN _bspa _eaacr |
||
| 110 | 1 | _aComisión Nacional de Cultura | |
| 245 | 1 | 0 |
_aComisión nacional de cultura : _bsu labor en 1945. |
| 260 |
_aBuenos Aires : _bColombo, _c1946. |
||
| 300 | _a157 páginas | ||
| 336 |
_btxt _2rdacontent |
||
| 337 |
_bn _2rdamedia |
||
| 338 |
_bnc _2rdacarrier |
||
| 942 | _cLIBRO | ||
| 005 | 20230829135447.0 | ||
| 999 |
_c50413 _d50413 |
||